Abenteuer Orient : Max von Oppenheim und seine Entdeckung des Tell Halaf : 30. April bis 10. August 2014, Kunst- und Ausstellungshalle der Bundesrepublik Deutschland, Bonn /

محفوظ في:

مؤلف مشترك: Kunst- und Ausstellungshalle der Bundesrepublik Deutschland.

مؤلفون آخرون: Dubiel, Ulrike (المحرر)

التنسيق: كتاب

اللغة: German

منشور في: Bonn : Bundeskunsthalle, 2014.

الموضوعات:

الوسوم: إضافة وسم

لا توجد وسوم, كن أول من يضع وسما على هذه التسجيلة!

رقم الطلب: DS99 .T38 A245 2014

LEADER 01258namaa2200265 4500
003 OSt
005 20260219105550.0
008 130303t20142014gw a bc 000 0 ger d
020 |a 9783803033659 
040 |c ARCE Library 
050 4 |a DS99 .T38 A245 2014 
245 0 0 |a Abenteuer Orient :  |b Max von Oppenheim und seine Entdeckung des Tell Halaf : 30. April bis 10. August 2014, Kunst- und Ausstellungshalle der Bundesrepublik Deutschland, Bonn /  |c Herausgeber: Kunst- und Ausstellungshalle der Bundesrepublik Deutschland GmbH ; Wissenschaftliche Redaktion Ulrike Dubiel. 
246 3 0 |a Max von Oppenheim und seine Entdeckung des Tell Halaf. 
264 1 |a Bonn :   |b Bundeskunsthalle,   |c 2014. 
264 4 |c ©2014. 
300 |a 195 pages :  |b illustrations (some color) ;  |c 29 cm. 
500 |a Catalog of an exhibition at the Kunst-und Asstellungshalle der Bundesrepublik Deutschland, 30 April through 10 August 2014. 
504 |a Includes bibliographical references. 
600 1 0 |a Oppenheim, Max,  |c Freiherr von,  |d 1860-1946. 
651 0 |a Ḥalaf, Tall (Syria)   |x Exhibitions.  |9 3171 
700 |a Dubiel, Ulrike,   |e editor  |9 29255 
710 2 |a Kunst- und Ausstellungshalle der Bundesrepublik Deutschland. 
901 |a reviewed 
942 |c BK  |2 lcc 
999 |c 5614  |d 5614